| 000 | 00724nam a22002537a 4500 | ||
|---|---|---|---|
| 003 | DO-SdBPM | ||
| 005 | 20260512135409.0 | ||
| 007 | ta | ||
| 008 | 161031b 2006 xx a 1 00| 0 spa d | ||
| 020 | _a0765277301 | ||
| 040 |
_aDO-SdBPM _bspa _cBPMSU _erda |
||
| 082 | 0 | 4 |
_a305.446 _bB823t 2006 _222 |
| 100 | 1 | _aBrasch, Nicolas | |
| 245 | 1 | 0 |
_aTodo el mundo baila / _cNicolas Brasch |
| 260 |
_aEstados Unidos : _bCelebration Press, _bPearson Learning Group , _c2006. |
||
| 300 |
_a24 p. : _bil. ; _c25 cm. |
||
| 490 | 1 | _aiOpeners | |
| 500 | _aIncluye índice | ||
| 500 | _aIncluye glosario | ||
| 650 | 7 | _a Etnología | |
| 650 | 7 | _aMulticulturalismo | |
| 910 | _aVMateo V. Control de calidad. BPMSU | ||
| 942 |
_2ddc _cBK |
||
| 999 |
_c12613 _d12613 |
||